[Event "ROM-ch U12 Girls"]
[Site "Eforie Nord"]
[Date "2022.04.15"]
[Round "6"]
[White "David, Anisia Maria"]
[Black "Sida, Flavia Maria"]
[Result "0-1"]
[WhiteElo "1116"]
[BlackElo "1347"]
[PlyCount "42"]
[EventDate "2022.04.11"]
[EventType "swiss"]
[EventRounds "9"]
[EventCountry "ROU"]
[SourceTitle "EXT 2023"]
[Source "ChessBase"]
[SourceDate "2022.10.05"]
[SourceVersion "1"]
[SourceVersionDate "2022.10.05"]
[SourceQuality "1"]

1. d4 Nf6 2. Bf4 g6 3. Nc3 Bg7 4. e4 d6 5. Qd2 c6 6. f3 h5 7. 0-0-0 b5 8. d5 b4 9. Nb1 cxd5 10. Qxb4 dxe4 11. fxe4 Bd7 12. Bb5 Nc6 13. Qe1 Qb6 14. Na3 a6 15. Bxc6 Bxc6 16. Nc4 Qc5 17. e5 Qxc4 18. Bg3 Be4 19. c3 Bh6+ 20. Rd2 Qd3 21. Qd1 Qb1# 0-1

[Event "EU-ch Hybrid U10 Girls"]
[Site "Tornelo INT"]
[Date "2021.10.15"]
[Round "1"]
[White "David, Anisia Maria"]
[Black "Bashirli, Saadat"]
[Result "0-1"]
[WhiteElo "1010"]
[BlackElo "1284"]
[PlyCount "104"]
[EventDate "2021.10.15"]
[EventType "swiss"]
[EventRounds "9"]
[EventCountry "NET"]
[SourceTitle "EXT 2023"]
[Source "ChessBase"]
[SourceDate "2022.10.05"]
[SourceVersion "1"]
[SourceVersionDate "2022.10.05"]
[SourceQuality "1"]
[WhiteTeam "Romania"]
[BlackTeam "Azerbaijan"]
[WhiteTeamCountry "ROU"]
[BlackTeamCountry "AZE"]

1. d4 d5 2. Bf4 c5 3. e3 Nf6 4. Nd2 Bf5 5. c4 cxd4 6. exd4 Nc6 7. Ngf3 e6 8. Be2 Bd6 9. Bg3 0-0 10. c5 Bc7 11. a3 Ne4 12. Bxc7 Qxc7 13. Nxe4 Bxe4 14. 0-0 Qf4 15. g3 Qf6 16. b4 Bxf3 17. Bxf3 Nxd4 18. Bg2 a6 19. a4 Rac8 20. Qd3 Nc6 21. b5 axb5 22. axb5 Ne5 23. Qa3 Qe7 24. c6 Qxa3 25. Rxa3 bxc6 26. bxc6 Rxc6 27. f4 Nc4 28. Rc3 Rfc8 29. Rfc1 h6 30. f5 Rd6 31. fxe6 fxe6 32. Bf1 Rdc6 33. Be2 Ne5 34. Rxc6 Rxc6 35. Re1 Rd6 36. Kg2 Nf7 37. Bg4 e5 38. Bh5 g6 39. Bg4 Kg7 40. Bc8 e4 41. Rd1 d4 42. Bb7 e3 43. Kf1 d3 44. Be4 e2+ 45. Ke1 exd1Q+ 46. Kxd1 Ne5 47. Kd2 Nc4+ 48. Kd1 d2 49. Bf3 Ne3+ 50. Ke2 d1Q+ 51. Kxe3 Rd3+ 52. Ke4 Qxf3+ 0-1

[Event "EU-ch Hybrid U10 Girls"]
[Site "Tornelo INT"]
[Date "2021.10.15"]
[Round "4"]
[White "Timagina, Sofia"]
[Black "David, Anisia Maria"]
[Result "1-0"]
[WhiteElo "1472"]
[BlackElo "1010"]
[PlyCount "75"]
[EventDate "2021.10.15"]
[EventType "swiss"]
[EventRounds "9"]
[EventCountry "NET"]
[SourceTitle "EXT 2023"]
[Source "ChessBase"]
[SourceDate "2022.10.05"]
[SourceVersion "1"]
[SourceVersionDate "2022.10.05"]
[SourceQuality "1"]
[WhiteTeam "Slovenia"]
[BlackTeam "Romania"]
[WhiteTeamCountry "SLO"]
[BlackTeamCountry "ROU"]

1. e4 c5 2. Nf3 Nc6 3. d4 cxd4 4. Nxd4 g6 5. Nc3 Bg7 6. Be3 Nf6 7. Bc4 Qa5 8. 0-0 0-0 9. h3 d6 10. Bb3 Bd7 11. Re1 a6 12. Qd2 Nxe4 13. Nxc6 Bxc3 14. Nxe7+ Kh8 15. Bd4+ Bxd4 16. Qxd4+ Qe5 17. Qxe5+ dxe5 18. Rxe4 f6 19. Rd1 Rad8 20. Ree1 Rfe8 21. Nd5 Kg7 22. Rd2 Bc6 23. Red1 Bxd5 24. Rxd5 Rc8 25. Rd7+ Kh6 26. Rxb7 Red8 27. Rdd7 Rxd7 28. Rxd7 Rb8 29. Ra7 Rb6 30. f3 f5 31. Kf2 Rd6 32. Bg8 Rd2+ 33. Ke3 Rxc2 34. Rxh7+ Kg5 35. h4+ Kf6 36. Rf7+ Ke6 37. Rc7+ Kd6 38. Rxc2 1-0

[Event "ROM-ch U08 Girls"]
[Site "Calimanesti Caciulata"]
[Date "2019.04.22"]
[Round "9.3"]
[White "David, Anisia Maria"]
[Black "Gavriliuc, Victoria"]
[Result "1-0"]
[WhiteElo "1001"]
[BlackElo "1001"]
[PlyCount "89"]
[EventDate "2019.04.15"]
[EventType "swiss"]
[EventRounds "9"]
[EventCountry "ROU"]
[SourceTitle "EXT 2024"]
[Source "ChessBase"]
[SourceDate "2023.10.10"]
[SourceVersion "1"]
[SourceVersionDate "2023.10.10"]
[SourceQuality "1"]

1. d4 d5 2. c4 e6 3. Nc3 Nf6 4. cxd5 exd5 5. Bg5 Nbd7 6. Nxd5 Nxd5 7. Bxd8 Bb4+ 8. Qd2 Bxd2+ 9. Kxd2 Kxd8 10. e4 N5f6 11. e5 Ng4 12. Ke1 Nb8 13. h3 Nh6 14. Bc4 Nc6 15. Nf3 Nf5 16. Rd1 Ke7 17. g4 Nh6 18. a3 Na5 19. Ba2 b6 20. Rg1 Bb7 21. Nd2 Rad8 22. Nb1 Nc6 23. d5 Nxe5 24. Rg3 Rd7 25. Nc3 Rhd8 26. Re3 f6 27. f4 Kf7 28. fxe5 Re8 29. e6+ Kf8 30. exd7 Rxe3+ 31. Kf2 Re7 32. d8Q+ Re8 33. Qxc7 Ba6 34. Qxa7 Bc8 35. Re1 Rd8 36. Ne4 Rd7 37. Qxb6 Rb7 38. Qd8+ Kf7 39. Qxc8 Rxb2+ 40. Re2 Rxe2+ 41. Kxe2 Kg6 42. Qe8+ Nf7 43. d6 f5 44. Qxf7+ Kh6 45. g5# 1-0

[Event "ROM-ch U08 Girls"]
[Site "Calimanesti Caciulata"]
[Date "2019.04.20"]
[Round "7.4"]
[White "Radu, Rebecca Aimee"]
[Black "David, Anisia Maria"]
[Result "1-0"]
[WhiteElo "1006"]
[BlackElo "1001"]
[PlyCount "117"]
[EventDate "2019.04.15"]
[EventType "swiss"]
[EventRounds "9"]
[EventCountry "ROU"]
[SourceTitle "EXT 2024"]
[Source "ChessBase"]
[SourceDate "2023.10.10"]
[SourceVersion "1"]
[SourceVersionDate "2023.10.10"]
[SourceQuality "1"]

1. c4 b6 2. d4 Bb7 3. Nc3 e6 4. Bf4 Bb4 5. Nf3 f5 6. e3 Nf6 7. Bd3 0-0 8. 0-0 Bxc3 9. bxc3 d6 10. Ng5 h6 11. Nxe6 Qd7 12. Nxf8 Kxf8 13. Qc2 Be4 14. f3 Bxd3 15. Qxd3 Nh5 16. Bg3 Nxg3 17. hxg3 Qe6 18. e4 g6 19. exf5 Qxf5 20. Qe3 g5 21. f4 g4 22. d5 Nd7 23. Qe6 Qxe6 24. dxe6 Nf6 25. Rae1 Re8 26. e7+ Rxe7 27. Rxe7 Kxe7 28. Re1+ Kd7 29. f5 Nh5 30. Kf2 Nf6 31. Re6 Ng8 32. Rg6 Ne7 33. Rg7 c5 34. f6 Ke8 35. fxe7 a5 36. Rh7 Kd7 37. Rxh6 Kxe7 38. Rg6 Kd7 39. Rxg4 Kc6 40. a4 Kc7 41. Rf4 Kc6 42. g4 d5 43. cxd5+ Kxd5 44. g5 Ke6 45. g6 c4 46. g7 Ke5 47. Rxc4 b5 48. g8Q bxc4 49. Qxc4 Kd6 50. Ke3 Kd7 51. Ke4 Kd6 52. Kf5 Kd7 53. Qe6+ Kc7 54. Ke5 Kb7 55. Kd6 Ka7 56. Kc6 Kb8 57. Qe8+ Ka7 58. Qd7+ Kb8 59. Qb7# 1-0